Pokémon 9e Génération: Les deux premières lettres - Statistiques

Statistiques générales
  • Ce quiz a été pris 114 fois
  • Le résultat moyen est 77 sur 105
Statistiques - réponses
Pokémon % Correct
Pohm
98%
Pohmarmotte
98%
Pohmotte
98%
Poussacha
98%
Miascarade
93%
Miraidon
93%
Mite-de-Fer
93%
Palmaval
93%
Pâtachiot
93%
Paume-de-Fer
93%
Coiffeton
91%
Compagnol
91%
Courrousinge
91%
Canarbello
90%
Carmadura
90%
Malvalame
90%
Matourgeon
90%
Famignol
86%
Farigiraf
86%
Fongus-Furie
86%
Forgelina
86%
Forgella
86%
Forgerette
86%
Fort-Ivoire
86%
Koraidon
86%
Tag-Tag
86%
Tapatoès
86%
Taupiqueau
86%
Terracool
86%
Terracruel
86%
Terraiste
86%
Têtampoule
86%
Têtes-de-Fer
86%
Charbambin
84%
Chochodil
84%
Chongjian
84%
Craparoi
83%
Crocrogril
83%
Cryodo
83%
Balbalèze
81%
Baojian
81%
Dofin
81%
Dogrino
81%
Amassel
79%
Ampibidou
79%
Flamenroule
79%
Flamigator
79%
Floréclat
79%
Flotillon
79%
Flotte-Mèche
79%
Selutin
78%
Serpente-Eau
78%
Gigansel
76%
Briochien
74%
Gourmelet
74%
Mordudor
72%
Motorizard
72%
Piétacé
72%
Pimito
72%
Superdofin
72%
Yuyu
72%
Gambex
71%
Garde-de-Fer
71%
Triopikeau
71%
Dinglu
69%
Fragroin
69%
Frigodo
69%
Germéclat
69%
Gribougraine
69%
Gromago
69%
Grondogue
69%
Délestin
67%
Deusolourdo
67%
Filentrappe
67%
Tissemboule
67%
Pelage-Sablé
66%
Cléopsytra
64%
Hurle-Queue
64%
Léboulérou
64%
Lestombaile
64%
Roue-de-Fer
64%
Litterelle
62%
Arbroliva
60%
Ferdeter
60%
Rampe-Ailes
59%
Glaivodo
57%
Nigirigon
57%
Tomberro
55%
Toutombe
55%
Vert-de-Fer
55%
Épine-de-Fer
53%
Olivado
53%
Olivini
53%
Rugit-Lune
53%
Scalpereur
52%
Scovilain
52%
Bérasca
50%
Hotte-de-Fer
50%
Fulgulairo
48%
Oyacata
43%
Zapétrel
43%
Virevorreur
41%
Virovent
41%
Vrombi
36%
Vrombotor
36%
Aucun quiz correspondant
Distribution des résultats
% des personnes avec chaque résultat
Percentile par nombre de réponses
Votre historique - résultats
Vous n’avez pas pris ce quiz